LEADER 01288nam a2200289 a 4500 001 000000130869 003 CaOOAMICUS 005 20121010103437.0 008 121010s2000 it a u000 u ita r 020 $a88-85311-20-2 040 $aPUL$bita 082 04$a726.5 100 1 $aTiberia, Vitaliano.$0(OLS)http://pul/name/65070 245 10$aGian Lorenzo Bernini Pietro da Cortona, Agostino Ciampelli in Santa Bibiana a Roma. I restauri /$cVitaliano Tiberia ; prefazione di Claudio Strinati. 260 $a[Todi] :$bEdiart,$c2000. 300 $a295 p. :$bill. ;$c24 cm 504 $aBibliografia in nota. 610 24$aSanta Bibiana (chiesa : Roma).$0(OLS)http://pul/subject/39094 700 1 $aStrinati, Claudio.$0(OLS)http://pul/name/9856 850 $aPUL 852 $aPUL$W1$xDP2 Cons. Gen., Altre Classi 3$y97$m726. 5 TIBVI 3$j151269$qDDC 21$B150015$CPULBib$Z2$F150015 $H120948 $82 941 1 $a9 996 $6020$a88-85311-20-2$9(OLS)http://pul/number/150840 996 $6082$a726.5$9(OLS)http://pul/classification/2104 996 $6245$aGian Lorenzo Bernini Pietro da Cortona, Agostino Ciampelli in Santa Bibiana a Roma. I restauri$9(OLS)http://pul/title/165384 996 $6260$a[Todi] :$bEdiart$9(OLS)http://pul/publisher/51102 LEADER 01156nam a2200289 a 4500 001 000000143668 003 CaOOAMICUS 005 20150528105649.0 008 150528s2002 it a u000 u ita r 020 $a88-503-2007-8 040 $aPUL$bita 082 04$a302.2 100 1 $aCantoni, Lorenzo.$0(OLS)http://pul/name/77210 245 10$aTeoria e pratiche della comunicazione /$cLorenzo Cantoni, Nicoletta Di Blas. 260 $aMilano :$bApogeo,$cİ2002. 300 $axxii, 225 p. :$bill. ;$c24 cm 504 $aBibliografia p. [211]-222. 650 4$aComunicazione.$0(OLS)http://pul/subject/4540 700 1 $aDi Blas, Nicoletta.$0(OLS)http://pul/name/92309 850 $aPUL 852 $aPUL$W1$xDP2 Diritto e Scienze Sociali 3$y110$m302. 2 CANLO 1$j165755$qDDC 21$B166100$CPULBib$Z2$F166100 $H125959 $82 941 1 $a9 996 $6020$a88-503-2007-8$9(OLS)http://pul/number/157693 996 $6082$a302.2$9(OLS)http://pul/classification/1735 996 $6245$aTeoria e pratiche della comunicazione$9(OLS)http://pul/title/181766 996 $6260$aMilano :$bApogeo$9(OLS)http://pul/publisher/80101